MARC details
| 000 -CABECERA |
| campo de control de longitud fija |
01783nam a22002897a 4500 |
| 003 - IDENTIFICADOR DEL NÚMERO DE CONTROL |
| campo de control |
DO-SdBNP |
| 005 - FECHA Y HORA DE LA ÚLTIMA TRANSACCIÓN |
| campo de control |
20220602120223.0 |
| 008 - DATOS DE LONGITUD FIJA--INFORMACIÓN GENERAL |
| campo de control de longitud fija |
210519b 2014 dr a 00| 0 eng d |
| 020 ## - NÚMERO INTERNACIONAL ESTÁNDAR DEL LIBRO |
| Número Internacional Estándar del Libro |
9789945442786 |
| 040 ## - FUENTE DE LA CATALOGACIÓN |
| Centro catalogador/agencia de origen |
DO-SdBNP |
| Lengua de catalogación |
spa |
| Centro/agencia transcriptor |
BNPHU |
| 082 #4 - NÚMERO DE LA CLASIFICACIÓN DECIMAL DEWEY |
| Número de clasificación |
334 |
| Número de documento/Ítem |
O77a |
| Número de edición |
22 |
| 100 1# - ENTRADA PRINCIPAL--NOMBRE DE PERSONA |
| Nombre de persona |
Ortiz, Bernardino |
| 9 (RLIN) |
78627 |
| 245 10 - MENCIÓN DE TÍTULO |
| Título |
El ABC del liderazgo de una empresa cooperativa / |
| Mención de responsabilidad, etc. |
Bernardino Ortiz Vargas ; prólogo: Pedro Corporán Cabrera. |
| 250 ## - MENCIÓN DE EDICIÓN |
| Mención de edición |
3a. ed |
| 260 ## - PUBLICACIÓN, DISTRIBUCIÓN, ETC. |
| Lugar de publicación, distribución, etc. |
Santo Domingo : |
| Nombre del editor, distribuidor, etc. |
Amigo del Hogar, |
| Fecha de publicación, distribución, etc. |
2014. |
| 300 ## - DESCRIPCIÓN FÍSICA |
| Extensión |
184 p. : |
| Otras características físicas |
il., fots., grafcs. ; |
| Dimensiones |
23 cm. |
| 500 ## - NOTA GENERAL |
| Nota general |
Incluye datos biográficos del autor : p. 181-184 |
| 504 ## - NOTA DE BIBLIOGRAFÍA, ETC. |
| Nota de bibliografía, etc. |
Bibliografía : p. 177-179 |
| 505 0# - NOTA DE CONTENIDO CON FORMATO |
| Título |
Prólogo -- |
| -- |
Introducción -- |
| -- |
La naturaleza de las cooperativas -- |
| -- |
Normas, filosofía y valores éticos y morales de las cooperativas -- |
| -- |
La estructura básica de poder en las cooperativas -- |
| -- |
El consejo de administración -- |
| -- |
El comité de crédito -- |
| -- |
El consejo de vigilancia -- |
| -- |
Comisión de educación -- |
| -- |
Los recursos humanos en la cooperativa -- |
| -- |
El manejo de conflictos en las cooperativas -- |
| -- |
La ética y la moral en el manejo de la empresa cooperativa -- |
| -- |
El rol del estado en el proceso de desarrollo social, económico y cultura de las cooperativas -- |
| -- |
Aspectos doctrinarios que los dirigentes cooperativistas deben asumir -- |
| -- |
Solidaridad y humanismo en las cooperativas -- |
| -- |
Las cooperativas, la tecnología y el futuro -- |
| -- |
Perfil del buen dirigente cooperativista -- |
| 590 ## - NOTA LOCAL (RLIN) |
| Nota local |
Inventariado, 2021 /LP |
| 650 #4 - PUNTO DE ACCESO ADICIONAL DE MATERIA--TÉRMINO DE MATERIA |
| Término de materia o nombre geográfico como elemento de entrada |
Cooperativas |
| Subdivisión geográfica |
República Dominicana |
| 9 (RLIN) |
6532 |
| 650 #4 - PUNTO DE ACCESO ADICIONAL DE MATERIA--TÉRMINO DE MATERIA |
| Término de materia o nombre geográfico como elemento de entrada |
Administración de cooperativas |
| 9 (RLIN) |
21613 |
| 700 1# - PUNTO DE ACCESO ADICIONAL--NOMBRE DE PERSONA |
| Nombre de persona |
Corporán Cabrera, Pedro, |
| Término indicativo de función/relación |
prólogo |
| 9 (RLIN) |
78625 |
| 910 ## - DATOS DE OPCIÓN DEL USUARIO (OCLC) |
| Datos de opción del usuario |
LoPérez/Validado. Control de calidad MFF |
| 942 ## - ELEMENTOS DE PUNTO DE ACCESO ADICIONAL (KOHA) |
| Fuente del sistema de clasificación o colocación |
Dewey Decimal Classification |
| Tipo de ítem Koha |
Libro |
| 956 ## - LOCALIZACIÓN Y ACCESO ELECTRÓNICOS LOCAL (OCLC) |
| Nombre del host |
LOPEREZ |